000
00355nam a22001217a 4500
040
_c
HS
082
_a
631
100
_a
អ៊ឺម ឈួន
245
_a
ដើម្បីលើកតំលៃនៃការវិភាគដី pour valoriser les analyses de sols
260
_a
New York
_b
អ៊ីម ឈួន
_c
1989
300
_a
186p.
942
_c
KB
999
_c
8689
_d
8689